| 000 | 00643nam a2200193 u 4500 | ||
|---|---|---|---|
| 005 | 20230714063619.0 | ||
| 008 | 190311s1991 mx r 000 0 spa d | ||
| 035 | _aUPN01000229539 | ||
| 049 | _aLT | ||
| 050 | 4 |
_aLB1577 M6 _bH4.7 |
|
| 100 | 1 |
_aHernández y Hernández, Claudia _943179 |
|
| 245 | 1 | 0 |
_aOrtografía : _buso de letras : nivel intermedio / _cClaudia Hernández y Hernández. |
| 260 |
_aMéxico : _bLa Rana Sabia, _c[1991]. |
||
| 300 |
_a32 p. : _bil. |
||
| 440 | 0 |
_aCuadernos ecológicos de la Rana Sabia ; _v3 |
|
| 650 | 4 |
_aEspañol _xOrtografía _xEstudio y enseñanza (Elemental) _93024 |
|
| 905 | _aLibro | ||
| 999 |
_c201634 _d201634 |
||